| 000 | 00759nam a2200277Ia 4500 | ||
|---|---|---|---|
| 003 | OSt | ||
| 005 | 20221007123448.0 | ||
| 006 | a|||||r|||| 00| 0 | ||
| 007 | ta | ||
| 008 | 221006b |||||||| |||| 00| 0 eng d | ||
| 020 | _a3540401520 (hbd) | ||
| 024 | _a1816 | ||
| 037 | _cTextual | ||
| 040 |
_aPAPL _cPAPL _beng |
||
| 041 |
_2eng _aeng |
||
| 082 | _aCN1, P4-;1 Carpa | ||
| 100 |
_aSchwabl Franz _9506390 |
||
| 245 | 0 | _aAdvanced quantum mechanics | |
| 250 | _a2 | ||
| 260 |
_aBerlin _bSpringer-Verlag _c2004 |
||
| 300 |
_axvii, 405p _ccm. |
||
| 500 | _aAppendix 377-395p; Index 397-405p | ||
| 650 |
_aQuantum theory _9612792 |
||
| 942 |
_hCN1, P4-;1 Carpa _cTEXL _2CC |
||
| 999 |
_c1211934 _d1211934 |
||